000 00252nam a22001217a 4500
999 _c12721
_d12721
020 _a9780241189450
082 _a327.37
100 _aChomsky,Noam
245 _aWho Rules The World
260 _aUK
_bPenguin Books
_c2017
300 _a318
942 _cBK